00295nam a2200133Ia 4500100002300000650001300023366000700036654002700043245002700070260002200097082001700119300000800136546001700144 aMolisch/Andreas F  aWireless f20 awireless communication aWireless communication bWiley Indiac2005 a621.382bMOL a622 aENGLISHcTTL